000 00642nam a2200253Ia 4500
005 20260306154747.0
008 008 260114s9999 xx 000 0 eng d
020 _a9780511896231
037 _aEBOOK
040 _aCRL
040 _beng
040 _cCRL
041 _2eng
041 _aeng
084 _qCRL
100 _aKroll/Ashcraft/Zagorin
_91128114
245 0 _aPhilosophy, Science, and Religion in England 1640–1700
260 _bCambridge University Press
260 _c2011
650 _a Philosophy
856 _uhttps://doi.org/10.1017/CBO9780511896231
942 _cEBOOK
999 _c1708877
_d1708877